000 01008nam a22001937a 4500
003 JO-AjAnu
005 20250715083605.0
008 250715b jo ||||| |||| 00| 0 ara d
040 _aANU
_cJO-AjAnu
041 _hARA
100 _aالزريقات، عبد الرحيم مصطفى
_eمعد
_966579
245 _aالتناص في شعر محمد الحوراني : دراسة في فضاء المعنى = Intertextuality in The Poetry of Mohammad Al-Hourani : A Study in the Space of Meaning
_c / إعداد عبد الرحيم مصطفى الزريقات ؛ اشراف سلامة العمري
260 _c2025
300 _a117 ورقة
500 _aرسالة جامعية (رسالة ماجستير في اللغة العربية) - جامعة عجلون الوطنية (الاردن-عجلون) - كلية الآداب ، 2025
650 _vالشعر العربي-تاريخ ونقد-التناص في الشعر
700 _aالعمري، سلامة
_eمشرف
_966580
942 _2lcc
_cTHS
_n0
999 _c33938
_d33938